Journalism and politics (Record no. 38376)
[ view plain ]
| 000 -LEADER | |
|---|---|
| fixed length control field | 00290nam a2200121Ia 4500 |
| 082 ## - DEWEY DECIMAL CLASSIFICATION NUMBER | |
| Classification number | 07+32 |
| Item number | CHA |
| 100 ## - MAIN ENTRY--AUTHOR NAME | |
| Personal name | CHALAPATHI RAU, M |
| 245 #0 - TITLE STATEMENT | |
| Title | Journalism and politics |
| 260 ## - PUBLICATION, DISTRIBUTION, ETC. (IMPRINT) | |
| Place of publication | Delhi |
| Name of publisher | Vikas |
| Year of publication | 1984 |
| 650 ## - SUBJECT ADDED ENTRY--TOPICAL TERM | |
| Topical Term | Journalism |
| 942 ## - ADDED ENTRY ELEMENTS (KOHA) | |
| Koha item type | Books |
| Withdrawn status | Lost status | Damaged status | Not for loan | Home library | Current library | Date acquired | Full call number | Accession Number | Koha item type |
|---|---|---|---|---|---|---|---|---|---|
| RRII Library | RRII Library | 16/12/2021 | 07+32 CHA | 18736 | Books |